banner koha

Avaliação da qualidade fisiológica de sementes de Moringa oleifera Lam (Registro n. 259927)

MARC details
000 -LÍDER
fixed length control field 04690nab a2200289 i 4500
003 - CÓDIGO MARC DA AGÊNCIA CATALOGADORA
Campo de controle BR-BrBNA
005 - DATA E HORA DA ÚLTIMA ATUALIZAÇÃO
Campo de controle 20231208144102.0
008 - CAMPO DE TAMANHO FIXO
fixed length control field 231208b2018 bl.qr|pooa||| 00| 0 por |
040 ## - FONTE DA CATALOGAÇÃO
Agência catalogadora BR-BrBNA
Idioma da catalogação por
072 ## - CATEGORIA AGRIS
Código AGRIS K10
100 ## - ENTRADA PRINCIPAL - NOME PESSOAL
Nome pessoal Noronha, Bruno Gomes de
100 ## - ENTRADA PRINCIPAL - NOME PESSOAL
Nome pessoal Medeiros, André Dantas de
100 ## - ENTRADA PRINCIPAL - NOME PESSOAL
Nome pessoal Pereira, Márcio Dias
245 ## - TÍTULO PRINCIPAL
Título principal Avaliação da qualidade fisiológica de sementes de Moringa oleifera Lam
500 ## - NOTA GERAL
Nota geral Publicação on-line; 38 ref; 1 table; 4 illus.; Summaries (En, Pt)
942 ## - ADDED ENTRY ELEMENTS (KOHA)
Koha item type
520 ## - NOTA DE RESUMO
Nota de conteúdo RESUMO<br/>Os principais testes que avaliam a qualidade de sementes são destrutivos e exigem um tempo relativamente<br/>longo para serem concluídos. A análise de imagens de sementes por meio de raios X representa uma alternativa <br/>para este setor, sendo uma técnica reproduzível e rápida, permite maior agilidade e autonomia nas<br/>atividades dos sistemas de produção. O objetivo deste trabalho foi analisar a morfologia interna de sementes<br/>de moringa por meio de imagens radiografadas e compará-la aos testes de germinação e vigor. Foram utilizados <br/>quatro lotes de sementes, coletadas em árvores-matrizes na região de Macaíba – RN, posteriormente<br/>radiografadas e as imagens analisadas através do software ImageJ e, após a radiografia, submetidas aos testes <br/>de germinação, primeira contagem e índice de velocidade de germinação e comprimento e massa seca de<br/>plântulas. O delineamento experimental utilizado foi o inteiramente casualizado, com quatro repetições por<br/>lote e os resultados obtidos neste experimento para os testes de germinação e vigor foram comparados com<br/>o percentual de área livre no interior da semente. Os lotes 1, 2 e 4 tiveram melhor resultado para os testes de<br/>germinação e vigor e o lote 3 mostrou-se de qualidade inferior. Observou-se que quanto maior a área livre<br/>no interior das sementes, menor a qualidade dos lotes de moringa testados. A análise de imagens radiografadas <br/>de sementes de moringa, com o software ImageJ, permite a mensuração das áreas preenchidas e áreas<br/>livres no interior da semente assim como a associação entre estas e a germinação. Danos internos severos,<br/>malformação e grau de preenchimento detectados nos raios X podem ser associados à baixa germinação e<br/>à redução do comprimento de plântulas.<br/><br/>Palavras-chave: germinação; imagens digitais; vigor; raios X.
520 ## - NOTA DE RESUMO
Nota de conteúdo ABSTRACT<br/>The main tests that assess the quality of seeds are destructive and require a relatively long time to complete.<br/>The analysis of seed images by X-ray is an alternative to this sector, with a reproducible and fast technique,<br/>which allows greater flexibility and autonomy to the activities of production systems. The aim of this study<br/>was to analyze the internal morphology of Moringa seeds by x-rayed images and to compare it to germination <br/>and vigor tests. Four seed lots were used, collected from trees matrixes in Macaíba region, RN state,<br/>and subsequently X-rayed and the images were analyzed using ImageJ software after the radiography, <br/>submitted to the germination test, first count, germination speed index and length and dry mass of seedlings.<br/>The experimental design was completely randomized, with four replicates per lot and the results obtained<br/>in this experiment for germination and vigor tests were compared with the free area percentage inside the<br/>seed. Lots 1, 2 and 4 had a better result for the germination and vigor tests and lot 3 proved to be of inferior<br/>quality. It was observed that the higher the open area inside the seeds was, the lower was the quality of the<br/>tested lots of Moringa. The x-rayed image analysis of Moringa seeds with the ImageJ software, allows the<br/>measurement of the filled areas and the free areas within the seed as well as the association between these<br/>areas and the germination. Severe internal damage, defect and degree of filling detected in X-rays can be <br/>associated with poor germination and seedling length reduction.<br/><br/>Keywords: germination; digital images; vigor; X-ray.
650 ## - ASSUNTO - THESAGRO
Cabeçalho tópico ou nome geográfico GERMINAÇÃO
650 ## - ASSUNTO - THESAGRO
Cabeçalho tópico ou nome geográfico SEMENTE
650 ## - ASSUNTO - THESAGRO
Cabeçalho tópico ou nome geográfico TESTE DE VIGOR
650 ## - ASSUNTO - THESAGRO
Cabeçalho tópico ou nome geográfico RAIO X
650 ## - ASSUNTO - THESAGRO
Cabeçalho tópico ou nome geográfico MORINGA OLEIFERA
773 0# - ENTRADA ANALÍTICA
Host Biblionumber 4065
Registro do item 198128
Imprenta Santa Maria-RS Universidade Federal de Santa Maria - Centro de Pesquisas Florestais.Departamento de Ciências Florestais. Programa de Pós-Graduação em Engenharia Florestal 1991
Outro identificador 2023-437009
Título Ciência Florestal (Brazil)
ISSN 0103-9954; 1980-5098 (on-line)
Colação v. 28(1) p. 393-402; (Jan-Mar 2018)
Número de controle de registro BR2023001450
856 ## - ACESSO E ENDEREÇO ELETRÔNICO
Identificador uniforme de recurso - URI https://www.scielo.br/j/cflo/a/Bwq8VnK5RSsHTzfcjDcSH4H/?format=pdf&lang=pt

Nenhum exemplar disponível.

BINAGRI

Telefone: (61)3218-2567/2388/3357/2097 - binagri@agro.gov.br

Ministério da Agricultura e Pecuária , Esplanada dos Ministérios, Bloco D, Anexo B, Brasília/DF, CEP: 70.043-900